Sports Quiz

Random Sports or Cricket Quiz

Test Match Centuries in the 1980s Quiz Stats

Quiz not verified by Sporcle

Challenge
Share
Tweet
Embed
Score 0/100 Timer 15:00
0 Plays Today
Country Player % Correct
West IndiesViv Richards
98.3%
EnglandJack Richards
97.9%
IndiaSunil Gavaskar
97.6%
EnglandDavid Gower
97.6%
AustraliaAllan Border
97.3%
EnglandGraham Gooch
96.6%
West IndiesGordon Greenidge
96.2%
EnglandIan Botham
95.9%
PakistanImran Khan
95.5%
West IndiesDesmond Haynes
95.5%
PakistanJaved Miandad
94.5%
PakistanMohsin Khan
94.5%
PakistanMajid Khan
94.2%
AustraliaDavid Boon
93.8%
New ZealandMartin Crowe
93.8%
New ZealandJeff Crowe
93.8%
West IndiesClive Lloyd
93.1%
EnglandMike Gatting
93.1%
EnglandRobin Smith
93.1%
New ZealandIan Smith
93.1%
AustraliaGreg Chappell
92.4%
AustraliaGeoff Marsh
92.1%
AustraliaSteve Waugh
91.4%
IndiaKapil Dev
91.4%
AustraliaDean Jones
91.1%
West IndiesRichie Richardson
91.1%
New ZealandAndrew Jones
91.1%
AustraliaMark Taylor
90.4%
EnglandAllan Lamb
89.3%
AustraliaKim Hughes
89%
West IndiesJeff Dujon
89%
EnglandGeoff Boycott
86.6%
Sri LankaArjuna Ranatunga
85.9%
EnglandChris Broad
83.2%
Country Player % Correct
New ZealandRichard Hadlee
82.8%
IndiaDilip Vengsarkar
82.5%
New ZealandJohn Wright
82.5%
Sri LankaAravinda deSilva
82.5%
West IndiesLarry Gomes
81.8%
PakistanZaheer Abbas
81.4%
West IndiesGus Logie
81.1%
AustraliaGraeme Wood
77.7%
West IndiesCarl Hooper
77.7%
IndiaRavi Shastri
77.7%
AustraliaGraham Yallop
77.3%
PakistanSaleem Malik
77.3%
IndiaMohammad Azharuddin
76.6%
EnglandBill Athey
74.9%
New ZealandJeremy Coney
74.9%
PakistanAamer Malik
73.5%
EnglandGraeme Fowler
73.2%
IndiaGundappa Viswanath
72.2%
PakistanWasim Raja
71.8%
EnglandTim Robinson
71.5%
PakistanRameez Raja
70.4%
EnglandJack Russell
70.1%
PakistanShoaib Mohammad
69.8%
Sri LankaDuleep Mendis
69.8%
PakistanMudassar Nazar
69.1%
AustraliaGreg Matthews
68.7%
EnglandDerek Randall
68.7%
New ZealandBruce Edgar
68.7%
IndiaMohinder Amarnath
68.4%
EnglandChris Tavare
68.4%
AustraliaWayne B. Phillips
67.4%
AustraliaGreg Ritchie
66.7%
PakistanIjaz Ahmed
66.7%
West IndiesAlvin Kallicharran
64.9%
Country Player % Correct
IndiaKris Srikkanth
64.3%
AustraliaKepler Wessels
63.9%
IndiaSyed Kirmani
63.6%
AustraliaJohn Dyson
63.2%
New ZealandKen Rutherford
62.2%
New ZealandMark Greatbatch
61.9%
IndiaYashpal Sharma
61.2%
IndiaSanjay Manjrekar
60.5%
Sri LankaRoy Dias
60.5%
IndiaSandeep Patil
59.5%
New ZealandGeoff Howarth
59.5%
Sri LankaAmal Silva
59.1%
IndiaNavjot Sidhu
58.8%
EnglandPeter Willey
58.8%
Sri LankaSidath Wettimuny
58.8%
New ZealandJohn Reid
58.4%
AustraliaDoug Walters
55.3%
PakistanQasim Umar
54.6%
West IndiesLawrence Rowe
54.6%
Sri LankaBrendon Kuruppu
54.6%
AustraliaDirk Wellham
54.3%
AustraliaAndrew Hilditch
54%
AustraliaDavid Hookes
52.2%
IndiaAnshuman Gaekwad
52.2%
Sri LankaRanjan Madugalle
48.1%
AustraliaTom Moody
47.4%
West IndiesCollis King
46.4%
Sri LankaAsanka Gurusinha
45.7%
PakistanTaslim Arif
42.3%
PakistanMansoor Akhtar
40.5%
PakistanHaroon Rasheed
31.3%
PakistanIjaz Faqih
25.8%

You're not logged in!

Compare scores with friends on all Sporcle quizzes.
Sign Up with Email
OR
Log In

You Might Also Like...

Show Comments

Extras

Top Quizzes Today


Score Distribution

Your Account Isn't Verified!

In order to create a playlist on Sporcle, you need to verify the email address you used during registration. Go to your Sporcle Settings to finish the process.